000 00316nam a2200121Ia 4500
005 20260328104247.0
008 260328s9999||||xx |||||||||||||| ||und||
100 _aSmith, G. E. Kidder
245 0 _aSweden Builds :
_b extensively revised /
_cG. E. Kidder Smith
260 _bReinhold
650 _aEUROPA
942 _cBK
999 _c10130
_d10130